000 00685nam a2200253Ia 4500
001 16868
005 20240113235733.0
007 ta
008 051222s1993 a g b000 u asm u
020 _a81-7331-019-X
040 _aCotton College,Assam
041 _aasm
082 _a891.41308
_bMe 468 Ch
100 _aMedhi, Surendra Nath .
245 0 _aChintar Beg Kiman /
_cSurendra Nath Medhi.
_hTextual Documents
250 _a1st ed. /
260 _aGuwahati :
_bLawyers Book Stall ,
_c1993.
300 _a123p. :
_bill ;
_c22cm .
653 _aAssamese Essays-Collections
653 _aG-Assamese
942 _2ddc
_cBK
999 _c16850
_d16850